00864nam a22002297a 4500999001900000005001700019010001500036020002600051035001400077037001300091082001200104100002500116245014500141250001200286260002500298270008900323300002800412700002100440700002300461942002600484952012400510 c180467d18046720210810113801.0 aENG-129732 a9789353941833c879.00 aEN-113264 bDBAD/PUB a629.895 aMazidi, Muhammad Ali aPIC microcontroller and embedded systems:busing assembly and C for PIC18 /cby Muhammad Ali Mazidi, Danny E. Causey [and] Rolin D. McKinlay a2nd ed. aNoidabPearsonc2021 a15th Floor, Tower-B, World Trade Tower, Plot No.1, Block-C, Sector-16bNoidae201301 a657p.:bill.c28cm(pbk) aCausey, Danny E. aMcKinlay, Rolin D. 2ddccENh629.895mMAZ 001040708NFICaBL1bBL1d2021-08-10eDBAD/PUBg879.00l0o629.895 MAZpEN-113264r2021-08-10 00:00:00t1v879.00yEN